Football par lettre - L - Statistiques

Statistiques générales
  • Ce quiz a été pris 258 fois
  • Le résultat moyen est 13 sur 20
Statistiques - réponses
Hint Réponse % Correct
Milieu légendaire de Chelsea, devenu coach par la suite Frank Lampard
94%
Ville européenne qui compte une quinzaine de clubs professionnels Londres
94%
Club anglais le plus titré en LDC Liverpool
93%
Ville qui possede un club "Standard" Liege
92%
Ailier portugais passé par Lille et le Milan Rafael Leao
89%
Recordman de sélection en Bleus Hugo Lloris
86%
Animal symbole de Galatasaray Lion
79%
Gardien portugais qui a rejoint Nantes en 2025 Anthony Lopes
76%
Attaquant argentin qui a offert la Coupe de France 2012 à l'OL Lisandro Lopez
75%
Ailier passé par le PSG et Naples, surnommé "Pocho" Ezequiel Lavezzi
71%
Club de Varsovie, connu pour ses tifos provocateurs Legia
65%
Joueuse bretonne, meilleure buteuse des Bleues Eugenie Le Sommer
64%
Elle coupe le terrain en deux Ligne médiane
60%
Ville qui a accueilli la finale de l'EURO 2004 Lisbonne
59%
Pays qui possède une coupe nationale mais pas de championnat Liechtenstein
52%
Joueur brésilien qui a inventé la bicyclette, il porte le meme nom qu'un roi spartiate Leonidas
40%
Frere de Salif Sané qui jouait avec lui à Bordeaux Ludovic/Lamine
23%
Ville de naissance d'Erling Haaland Leeds
17%
Premier buteur de l'histoire de la CDM Lucien Laurent
12%
Ancien club pro basé en Saone et Loire, qui a lancé Alou Diarra en pro Louhans-Cuiseaux
11%
Aucun quiz correspondant
Distribution des résultats
% des personnes avec chaque résultat
Percentile par nombre de réponses
Votre historique - résultats
Vous n’avez pas pris ce quiz